000 00521nam a2200145Ia 4500
008 170221s9999 xx 000 0 und d
100 _aTha'er A. Majali
245 _aKnowledge Contribution Determinants through Social Network Sites: Social Relational Perspective
245 _cTha'er A. Majali, Abdul Manaf Bin Bohari
260 _bInternational Review of Management and Marketing
260 _c2012
300 _a7 : 2
650 _xMarketing.
856 _uhttp://www.econjournals.com/index.php/irmm/issue/view/82
999 _c314033
_d314033